• 首页
  • 本馆介绍
  • 公告通知
  • 最新文献
  • 馆藏检索
  • 电子资源
  • 读者导购
  • 参考咨询
  • 我的图书馆
  • 登录
  • 详细信息显示
  • 放入我的书架
  • 预约/预借图书
  • 作者相关作品
  • 分类相关作品
  • 丛书相关作品
  • 出版社相关作品

书目信息

  • 表格格式
  • 工作单格式
  • 卡片格式
题名:
世界经济概论
    
 
作者: 王章耀 , 牟瀛 , 杜厚文 编
分册:  
出版信息: 北京   中国人民大学出版社  1986
页数: 540页
开本: 20cm
丛书名:
单 册:
中图分类: F112 , F11
科图分类:
主题词: 世界经济--概论 , 经济--世界 , 国际经济关系
电子资源:
ISBN:
000 00778nam0 2200301 45
001 0186018162
005 20040425082152.0
010    @dCNY3.25
091    @a4011.454
100    @a19900724d1986 em y0chiy0121 ea
101 0  @achi
102    @aCN@b110000
105    @ak z 000yy
106    @ar
200 10 @a世界经济概论@Ashi jie jing ji gai lun@f王章耀等编
210    @a北京@c中国人民大学出版社@d1986
215    @a540页@d20cm
606    @a世界经济@x概论
606 0  @a经济@x世界
606 0  @a国际经济关系
690    @aF112@v3
690    @aF11
701  0 @a王章耀@Awang zhang yao@4编
701  0 @a牟瀛@Amou ying@4编
701  0 @a杜厚文@Adu hou wen@4编
801  0 @aCN@b深圳图书馆@c20040425
801  2 @aCN@bNLC@c20040425
905    @f2@b170962-963@dF11@e45
    
    世界经济概论/王章耀等编.-北京:中国人民大学出版社,1986
    540页;20cm
    
    
    ISBN :CNY3.25
    
●
相关链接 在E读中查询图书 在五车中查询图书 在当当中查询图书 在豆瓣中查询图书


正题名:世界经济概论     索取号:F11/45         预约/预借

序号 登录号 条形码 馆藏地/架位号 状态 备注
1 0170962   000196344   密集书库/ [索取号:F11/45] 在馆    
2 0170963   000196380   密集书库/ [索取号:F11/45] 在馆    
3 0170964   002056946   第一样本阅览室/ [索取号:F11/45] 在馆    
唐山师范学院图书馆 欢迎您!
大连网信软件有限公司© 版权所有